000 00308nam a2200121Ia 4500
008 180117s9999 xx 000 0 und d
100 _aby Jullie Y Daza
245 _aMedium Rare
260 _c2016
300 _a16-18 pages, 2016 February 28
440 _aPhilippine Panorama
650 _aIN THE LION'S DEN
999 _c353518
_d353518